| 000 | 00397nam a2200157 a 4500 | ||
|---|---|---|---|
| 005 | 20140414132137.0 | ||
| 008 | 131202s19uu xx 00 eng d | ||
| 020 | _a9780689856587 | ||
| 050 |
_aTR _bCo853 2001 |
||
| 100 | _aKatz, Karen | ||
| 245 | _aCounting kisses. | ||
| 260 |
_aNew York : _bLittle Simon, _cc2001. |
||
| 300 | _a28 | ||
| 650 |
_aNumbers- _xcounting- _xfiction |
||
| 999 |
_c115324 _d115324 |
||